Statistics for Football clubs with 1 million twitter followers

Click here to take the quiz!

General Stats

  • This quiz has been taken 765 times
    (262 since last reset)
  • The average score is 22 of 30

Answer Stats

HintAnswer% Correct
La Liga18.5MFC Barcelona
99%
La Liga20.6MReal Madrid
99%
Premier League8MArsenal
98%
Premier League8.8MManchester United
98%
Premier League7.3MChelsea
97%
Premier League3.5MManchester City
97%
Premier League6.2MLiverpool
95%
Serie A3.8MAC Milan
94%
Ligue 13.8MPSG
94%
Serie A3.4MJuventus
91%
Serie A1.1MInternazionale
89%
Bundesliga3MBayern Munich
88%
Bundesliga2.3MBorussia Dortmund
88%
La Liga2.4MAtletico Madrid
85%
Premier League1.6MTottenham Hotspur
79%
Serie A1.1MAS Roma
78%
Süper Lig6.6MGalatasaraay SK
77%
Ligue 11.7MMarseille
75%
Ligue 11MAS Monaco
71%
Süper Lig5.3MFenerbahce SK
67%
Brasileiro Serie A2.1MSantos FC
67%
Süper Lig1.7MBesiktas JK
62%
Brasileiro Serie A3.7MFlamengo
56%
Brasileiro Serie A3.1MSao Paulo
46%
Brasileiro Serie A4.5MCorinthians
38%
Brasileiro Serie A2MPalmeiras
34%
Brasileiro Serie A2MGremio
33%
Brasileiro Serie A1.3MVasco de Gama
21%
Brasileiro Serie A1.1MInternacional
18%
Brasileiro Serie A1.4MAtletico Mineiro
15%

Score Distribution

Percentile by Number Answered

Percent of People with Each Score

Your Score History

You have not taken this quiz since the last reset